| 000 | 00393nam a2200157Ia 4500 | ||
|---|---|---|---|
| 008 | 230312s9999||||xx |||||||||||||| ||und|| | ||
| 020 | _a0-87011-526-X | ||
| 082 |
_a729 _bYAG-J |
||
| 100 | _aYagi;Koji | ||
| 245 | 0 | _aJapanese Touch for your Home | |
| 260 |
_bKodansha Interbational _aFrancisco _c1986 |
||
| 300 | _a80 | ||
| 546 | _aEng. | ||
| 650 |
_aArchitecture _vJapanese Home |
||
| 942 | _cBK | ||
| 999 |
_c9613 _d9613 |
||